Teknik membaca paling berkesan untuk kanak-kanak prasekolah : 8

Bibliographic Details
Main Author: Noor 'Aina Yusuf
Format: Book
Published: Kuala Lumpur : Scholar's Publication Sdn Bhd , 2005
Series:Siri pintar membaca
Subjects:

MARC

LEADER 00000cam a2200000 7i4500
001 0000007253
005 20220105104030.0
008 070829
020 |a 9833354858 
020 |a 9833354963(set) 
090 0 0 |a JP   |b EL MAL (8535) 
100 0 |a Noor 'Aina Yusuf 
245 1 0 |a Teknik membaca paling berkesan untuk kanak-kanak prasekolah :   |b 8   |c Noor 'Aina Yusuf 
260 |a Kuala Lumpur :   |b Scholar's Publication Sdn Bhd ,   |c 2005 
440 |a Siri pintar membaca 
500 |a Children age 4-6 years old (yellow) 
650 0 |a Early learning   |x study and teaching 
999 |a 0000989731   |b Book   |c Children Collection   |e Perbadanan Perpustakaan Awam Johor 
999 |a 0000989732   |b Book   |c Children Collection   |e Perbadanan Perpustakaan Awam Johor 
999 |a 0000989733   |b Book   |c Children Collection   |e Perbadanan Perpustakaan Awam Johor 
999 |a 0000989734   |b Book   |c Children Collection   |e Perbadanan Perpustakaan Awam Johor